000 00828nam a22002537a 4500
003 dpl
005 20180710162222.0
008 180613b xxu||||| |||| 00| 0 eng d
010 _aB-226218
020 _c595.00
_a9788188684656
035 _aB-226218, B-226223, B-226219
037 _bCen Lib/Ret
040 _aDPL
_bEN
_c0
082 _a372.89
_bSHA
100 _aShaukat Ullah Khan
_922282
245 _aTeaching of history in 21st century :
_cby Shaukat Ullah Khan
_bhistory through monuments /
260 _aDelhi
_bAcademic Excellence
_c2006
270 _a42 Ekta Apartments Geeta Colony
_bDelhi
_e110031
300 _ax,255p.
_c23cm(Hb)
500 _aIncludes index
650 _aHistoric buildings--Study and teaching
_922283
650 _aStudy skills
_922284
942 _2ddc
_cEN
_h372.89
_mSHA
999 _c128059
_d128059